000 00789nam a2200265 a 4500
001 ASIN0241952581
005 20170105102908.0
008 131025s2012 xxu eng d
020 _a0241952581 (paperback)
020 _a9780241952580 (paperback)
040 _a0
050 0 4 _aJZ1480
082 0 4 _a327.73
100 1 _aChomsky, Noam.
245 1 0 _aMaking the future /
_cNoam Chomsky.
260 _a[S.l.] :
_bPenguin Books Ltd,
_c2012.
300 _a1 v. (unpaged) ;
_c18 cm.
650 0 _aInternational relations
650 0 _aPolitical science
650 0 _aUnipolarity (International relations)
650 0 _aUnited States
650 0 _aWorld politics
856 4 0 _3Amazon.com
_uhttp://www.amazon.com/exec/obidos/ASIN/0241952581/chopaconline-20
942 _2ddc
_cBK
999 _c14986
_d14986